Druhy subjektov a spôsobov ich účasti v rozpočtovej politike štátu bakalárska práca

Saved in:
Bibliographic Details
Main Author: Dičérová, Beáta
Corporate Author: Národohospodárska fakulta EU. Katedra hospodárskej politiky
Other Authors: Choluj, Vladimír
Format: Book
Language:Slovak
Published: Bratislava 2015
Tags: Add Tag
No Tags, Be the first to tag this record!

MARC

LEADER 00000nbm a2200000 4500
001 0205083
005 20161212095019.3
041 0 |a slo 
044 |a SK 
245 1 0 |a Druhy subjektov a spôsobov ich účasti v rozpočtovej politike štátu  |b bakalárska práca  |c Beáta Dičérová ; školiteľ: Vladimír Choluj 
264 1 |a Bratislava  |c 2015 
300 |a 38 s. 
100 1 |a Dičérová, Beáta 
700 1 |a Choluj, Vladimír 
710 2 |a Národohospodárska fakulta EU. Katedra hospodárskej politiky